00637nam a2200157 a 4500008004100000050001500041100001500056245005700071246004000128260004000168300002100208350000900229995009300238999001700331952013100348120416s1989 ||||||||||||||||| || u aTJ 213 Dig aFargeon, C14aThe digital control of systemscedited by C. Fargeon aapplications to vehicles and robots aLondonbNorth Oxford Academicc1989 axv, 449p. : ill. a0.00 D0.00FCBU-MAIN LIBRARY (Kitwe)H1I35.00UAVAILABLEZMain Library Open Access Collection c40158d40158 00102lcc4070a001b001cMain Library Open Access Collectiond2022-11-30l0oTJ 213 Digp017868r2022-11-30w2022-11-30y002